[Event "FRA-chT2 0910"]
[Site "France"]
[Date "2009.11.22"]
[Round "4.1"]
[White "Cartier, Nicolas"]
[Black "Monroy, Charles"]
[Result "0-1"]
[WhiteElo "2113"]
[BlackElo "2433"]
[PlyCount "58"]
[EventDate "2009.09.27"]
[EventType "team-tourn"]
[EventRounds "11"]
[EventCountry "FRA"]
[SourceTitle "EXT 2011"]
[Source "ChessBase"]
[SourceDate "2010.11.26"]
[SourceVersion "1"]
[SourceVersionDate "2010.11.26"]
[SourceQuality "1"]

1. e4 c6 2. d4 d5 3. e5 Bf5 4. g4 Bc8 5. Nh3 h5 6. gxh5 Bf5 7. Ng5 e6 8. Bd3 Nh6 9. Bxf5 Nxf5 10. Qg4 Qb6 11. c3 c5 12. dxc5 Bxc5 13. 0-0 Nc6 14. b4 Be7 15. Bf4 a5 16. bxa5 Rxa5 17. Nd2 Ra4 18. c4 Qd4 19. Ngf3 Qd3 20. Bg3 b5 21. Rab1 bxc4 22. Rb6 Nd8 23. Rb8 Rxa2 24. Bf4 c3 25. Nb3 Ra4 26. Nc5 Bxc5 27. Rxd8+ Kxd8 28. Bg5+ Kc7 29. Qxa4 Qxf3 0-1

[Event "FRA-chT2 West 0607"]
[Site "France"]
[Date "2007.03.31"]
[Round "10.3"]
[White "Cartier, Nicolas"]
[Black "Manouck, Thierry"]
[Result "0-1"]
[WhiteElo "2079"]
[BlackElo "2342"]
[PlyCount "104"]
[EventDate "2006.10.15"]
[EventType "team"]
[EventRounds "11"]
[EventCountry "FRA"]
[SourceTitle "EXT 2008"]
[Source "ChessBase"]
[SourceDate "2007.11.25"]
[SourceVersion "1"]
[SourceVersionDate "2007.11.25"]
[SourceQuality "1"]
[WhiteTeam "Guingamp II"]
[BlackTeam "Chess XV II"]
[WhiteTeamCountry "FRA"]
[BlackTeamCountry "FRA"]

1. Nf3 d6 2. g3 e5 3. d3 f5 4. Nc3 Nf6 5. Bg2 g6 6. Bg5 c6 7. e4 h6 8. Bd2 Bg7 9. Nh4 Kf7 10. exf5 Bxf5 11. Nxf5 gxf5 12. Qf3 Kg6 13. Bh3 Qd7 14. 0-0-0 Na6 15. g4 fxg4 16. Bxg4 Nxg4 17. Rhg1 h5 18. h3 d5 19. hxg4 h4 20. Qe3 Raf8 21. Ne2 d4 22. Qe4+ Kf7 23. f4 Nc5 24. Qf3 Ke8 25. Bb4 b6 26. Bxc5 bxc5 27. Qe4 Qd5 28. Qg6+ Rf7 29. g5 c4 30. fxe5 Bxe5 31. Rgf1 Rhf8 32. Rxf7 Rxf7 33. Rf1 cxd3 34. Rxf7 Qxf7 35. Qxc6+ Kf8 36. cxd3 Qf1+ 37. Kd2 Bf4+ 38. Nxf4 Qxf4+ 39. Kc2 Qxg5 40. Qa8+ Kf7 41. Qxa7+ Kg6 42. Qxd4 Qg2+ 43. Kc3 h3 44. Qd6+ Kh7 45. d4 h2 46. Qe7+ Kg6 47. Qe8+ Kf5 48. Qf7+ Kg4 49. Qg6+ Kf3 50. Qf5+ Ke3 51. Qe5+ Kf2 52. Kd2 h1Q 0-1

[Event "FRA-chT2 0304"]
[Site "France"]
[Date "2003.11.15"]
[Round "2"]
[White "Glod, Philippe"]
[Black "Cartier, Nicolas"]
[Result "1-0"]
[WhiteElo "2153"]
[BlackElo "2100"]
[PlyCount "69"]
[EventDate "2003.10.??"]
[EventType "team"]
[EventRounds "11"]
[EventCountry "FRA"]
[SourceTitle "EXT 2005"]
[Source "ChessBase"]
[SourceDate "2004.11.15"]
[SourceVersion "1"]
[SourceVersionDate "2004.11.15"]
[SourceQuality "1"]
[WhiteTeam "Le Vesinet"]
[BlackTeam "Guingamp"]
[WhiteTeamCountry "FRA"]
[BlackTeamCountry "FRA"]

1. e4 c5 2. c3 Nf6 3. e5 Nd5 4. d4 cxd4 5. Nf3 Nc6 6. Bc4 Nb6 7. Bb3 g6 8. cxd4 Bg7 9. Bf4 d5 10. exd6 0-0 11. h3 exd6 12. 0-0 Kh8 13. Nc3 d5 14. Ne5 Nxe5 15. Bxe5 Bxe5 16. dxe5 Be6 17. Qd4 Rc8 18. Nb5 a6 19. Nd6 Rc6 20. Nxb7 Qc7 21. Nd6 Kg8 22. f4 f6 23. a4 Rc5 24. Ne4 dxe4 25. Bxe6+ Kg7 26. exf6+ Rxf6 27. a5 Nc4 28. Rac1 Qd6 29. Qxd6 Nxd6 30. Rxc5 Rxe6 31. Rc6 e3 32. Rxa6 e2 33. Re1 Kf6 34. Rb6 Kf5 35. a6 1-0

[Event "Fouesnant op 03rd"]
[Site "Fouesnant"]
[Date "1997.??.??"]
[Round "9"]
[White "Delaire, Eric"]
[Black "Cartier, Nicolas"]
[Result "1/2-1/2"]
[WhiteElo "1720"]
[BlackElo "1900"]
[PlyCount "74"]
[EventDate "1997.10.??"]
[EventType "swiss"]
[EventRounds "9"]
[EventCountry "FRA"]
[SourceTitle "EXT 2003"]
[Source "ChessBase"]
[SourceDate "2002.11.25"]
[SourceVersion "1"]
[SourceVersionDate "2002.11.25"]
[SourceQuality "1"]

1. e4 c5 2. Nf3 Nc6 3. d4 cxd4 4. Nxd4 g6 5. Be3 Bg7 6. c4 Nf6 7. Nc3 d6 8. Be2 Nxd4 9. Bxd4 0-0 10. 0-0 Be6 11. Rc1 a6 12. f3 Qa5 13. Nd5 Bxd5 14. cxd5 Rac8 15. Bc3 Qb6+ 16. Bd4 Rxc1 17. Bxb6 Rxd1 18. Rxd1 Nd7 19. Be3 Rc8 20. Rc1 Rxc1+ 21. Bxc1 Nc5 22. b3 Kf8 23. Kf1 Ke8 24. Bd2 Kd7 25. Ke1 Kc7 26. Ba5+ b6 27. Bd2 Kb7 28. Bg5 Bf6 29. Bxf6 exf6 30. Kd2 b5 31. Kc3 Nd7 32. f4 Kb6 33. b4 Kc7 34. Kd4 Nb6 35. g3 Nd7 36. Kc3 Nb6 37. Kd4 Nd7 1/2-1/2